ห้องสมุด วิทยาลัยพยาบาลบรมราชชนนี อุดรธานี
Boromarajonani College of Nursing, Udonthani
เปลี่ยนเป็นภาษาไทย

Change to English
 แสดงรายละเอียดบรรณานุกรม
  กลับหน้าหลัก

Brief Record : Get Marc (ISO 2709) : E-mail record : QR code ปิดหน้าต่าง
หนังสืออ้างอิง : เกี่ยวกับ Collections
mysqli: Table './ulib2015/stat_globaluid' is marked as crashed and last (automatic?) repair failed
select id from stat_globaluid where statuid='20260417230856_130' 
mysqli: Table './ulib2015/stat_globaluid' is marked as crashed and last (automatic?) repair failed
DELETE FROM stat_globaluid
			WHERE id NOT IN (
			  SELECT id
			  FROM (
				SELECT id
				FROM stat_globaluid
				ORDER BY id DESC
				LIMIT 100
			  ) foo
			); 
mysqli: Table './ulib2015/stat_globaluid' is marked as crashed and last (automatic?) repair failed
insert into stat_globaluid set
		statuid='20260417230856_130',
		dt='1776442136',
		phpself='/ULIB/dublinfull.php',
		agent='Mozilla/5.0 AppleWebKit/537.36 (KHTML, like Gecko; compatible; ClaudeBot/1.0; +claudebot@anthropic.com)',
		yea='2026',
		mon='4',
		dat='17',
		ip='216.73.216.55'
		
		
LEADER 00674nam 2200229 a 4500
001    13399121650
003     ULIBM
008    170306s2559 th m a001 0 tha d
020    9786161128760
050  4 ^a WA^bน137ก^c2559
100 0  ^aนงณภัทร รุ่งเนย.
245 10 ^aการประเมินสุขภาพแบบองค์รวม/^cนงณภัทร รุ่งเนย.
250    ^aพิมพ์ครั้งที่ 1.
260    ^aนนทบุรี:^bโครงการสวัสดิการวิชาการ สถาบันพระบรมราชชนก กระทรวงสาธารณสุข,^c2559.
300    ^a218 หน้า.:^bภาพประกอบ
650  7 ^aสุขภาพ
945    ^p230^l0^i46422
945    ^p230^l0^i46423
945    ^p230^l0^i46424
945    ^p230^l0^i46425
945    ^p230^l0^i46426
945    ^p230^l0^i46427
945    ^p230^l0^i46428
945    ^p230^l0^i46429
945    ^p230^l0^i46430
945    ^p230^l0^i46431
999     ^aพรปวีณ์
รายการนี้ยังไม่มีแท็ก
คุณยังไม่ได้ล็อกอิน คุณสามารถมีกิจกรรมร่วมกับเว็บไซต์ได้ แต่ต้องล็อกอินก่อน ::
  ล็อกอิน
ลำดับที่ ประเภท เลขเรียก/บาร์โค้ด สถานที่ สถานะ
1. หนังสือการพยาบาล
หนังสือการพยาบาล
WA น137ก 2559 c.1 
  Barcode: 46422
หนังสือการพยาบาล On Shelf
  ขอยืม
2. หนังสือการพยาบาล
หนังสือการพยาบาล
WA น137ก 2559 c.2 
  Barcode: 46423
หนังสือการพยาบาล On Shelf
  ขอยืม
3. หนังสือการพยาบาล
หนังสือการพยาบาล
WA น137ก 2559 c.3 
  Barcode: 46424
หนังสือการพยาบาล On Shelf
  ขอยืม
4. หนังสือการพยาบาล
หนังสือการพยาบาล
WA น137ก 2559 c.4 
  Barcode: 46425
หนังสือการพยาบาล On Shelf
  ขอยืม
5. หนังสือการพยาบาล
หนังสือการพยาบาล
WA น137ก 2559 c.5 
  Barcode: 46426
หนังสือการพยาบาล On Shelf
  ขอยืม
6. หนังสือการพยาบาล
หนังสือการพยาบาล
WA น137ก 2559 c.6 
  Barcode: 46427
หนังสือการพยาบาล On Shelf
  ขอยืม
7. หนังสือการพยาบาล
หนังสือการพยาบาล
WA น137ก 2559 c.7 
  Barcode: 46428
หนังสือการพยาบาล On Shelf
  ขอยืม
8. หนังสือการพยาบาล
หนังสือการพยาบาล
WA น137ก 2559 c.8 
  Barcode: 46429
หนังสือการพยาบาล On Shelf
  ขอยืม
9. หนังสือการพยาบาล
หนังสือการพยาบาล
WA น137ก 2559 c.9 
  Barcode: 46430
หนังสือการพยาบาล On Shelf
  ขอยืม
10. หนังสือการพยาบาล
หนังสือการพยาบาล
WA น137ก 2559 c.10 
  Barcode: 46431
หนังสือการพยาบาล On Shelf
  ขอยืม
   [แสดง 10/10 รายการ]

mysqli: Can't create/write to file '/var/tmp/#sql_59d_1.MAI' (Errcode: 2)
select * from index_db where titl like '%การประเมินสุขภาพแบบองค์รวม/ นงณภัทร  รุ่งเนย.%' and mid<>'13399121650'  order by rand() limit 3
mysqli: Can't create/write to file '/var/tmp/#sql_59d_1.MAI' (Errcode: 2)
select * from index_db where auth like '%นงณภัทร  รุ่งเนย.%' and mid<>'13399121650'  order by rand() limit 3
mysqli: Can't create/write to file '/var/tmp/#sql_59d_1.MAI' (Errcode: 2)
select * from index_db where subj like '%สุขภาพ%' and mid<>'13399121650'  order by rand() limit 3

BibComment


ยังไม่เคยถูกคอมเมนท์

คอมเมนท์ทรัพยากรรายการนี้
  คอมเมนท์: การประเมินสุขภาพ..
Bib 13399121650

 
 
 

 Union Library Management : ULibM
Copyright 2026. All Rights Reserved.